Normal view
MARC view
- ZAI, BEHZAD AHMED
Entry Personal Name
001 - CONTROL NUMBER
- control field: 124358
003 - CONTROL NUMBER IDENTIFIER
- control field: NUST
005 - DATE AND TIME OF LATEST TRANSACTION
- control field: 20240710112635.0
008 - FIXED-LENGTH DATA ELEMENTS
- fixed length control field: 240710|| aca||aabn | a|a d
040 ## - CATALOGING SOURCE
- Original cataloging agency: NUST
- Transcribing agency: NUST
100 ## - HEADING--PERSONAL NAME
- Personal name: ZAI, BEHZAD AHMED
670 ## - SOURCE DATA FOUND
- Source citation: Work cat.: (NUST): ZAI, BEHZAD AHMED, DAMAGE QUANTIFICATION USING DYNAMIC RESPONSE OF A STRUCTURE IN CONJUNCTION WITH THERMAL LOADING/
